000 00544nam a2200181 a 4500
005 20210223120415.0
008 991125s1975 ea 000 0 eng u
035 _aUPN01000000411
049 _aCG
050 4 _aZ689
_bA3.6
245 0 0 _aAcquisition case book /
_ced. James M. Matarazzo.
260 _aBoston [E.U.A.] :
_bF. W. Faxon,
_c1975.
300 _a60 p. :
_bil.
440 4 _aThe serials librarian
650 4 _aADQUISICIONES (BIBLIOTECAS) -
_vESTUDIO DE CASOS
_9224
700 1 _aMatarazzo, James M.,
_d1941-
_eed.
_941754
905 _aLibro
999 _c411
_d411